000 00954nam a2200253 i 4500
001 173471
003 ES-MaACL
005 20250823085853.0
008 091202s1975 pr |||| | spa d
020 _a0-8477-2480-8
080 _a308(729.5)"19"
080 _a343.435(729.5)"19"
100 1 _aLópez-Rey y Arrojo, Manuel.
_973916
245 1 0 _aExtensión, características y tendencias de la criminalidad en Puerto Rico (1964-1970) /
_cManuel López-Rey y Arrojo, Jaime Toro Calder, Ceferina Cedeño Zavala.
260 _aRío Piedras, Puerto Rico :
_bUniversidad de Puerto Rico,
_c1975.
300 _a322p. ;
_c27 cm.
650 4 _aCrimen y criminales-
_zPuerto Rico.
_9163439
651 4 _aPuerto Rico-
_xSituación social.
_99292
700 1 _aToro-Calder, Jaime.
_9110686
700 1 _aCedeño Zavala, Ceferina.
_9141706
710 2 _aUniversidad de Puerto Rico
_97273
852 _aES-MaACL
_jC-56956
999 _c173471
_d173471